Ščo rozpovidajut' zapysy Fedora Ivančova

Bibliographic Details
Main Author: Roman, Michal, 1930- (Author)
Format: Article
Language:Ukrainian

MARC

LEADER 00000nab a2200000uu 4500
001 vtls011433696
003 SK-MaSNL
005 20260303173708.0
008 230218|2001 xo |||||||||||||||||ukr|
015 |a SNBRB 
035 |a (urnnbn)urn:nbn:sk:snk:ar-001cyz 
035 |a (uuid)3666da5e-6272-4dba-afa7-a548543ff1a5 
035 |a urn:nbn:sk:snk-abc9pj 
040 |a SNKBUCL  |b slo  |c SNKBUCL  |e AACR2 
041 0 |a ukr 
044 |a xo  |c SK 
100 1 |a Roman, Michal,  |d 1930-  |4 aut  |9 90937 
245 1 0 |a Ščo rozpovidajut' zapysy Fedora Ivančova  |c Mychajlo Roman 
773 0 |t Duklja : literaturno-chudožnij ta hromads'ko-polityčnyj al'manach  |g Roč. 49, č. 3 (2001), s. 46-53 
958 |a OND 
958 |a EUIPO 
958 |a article16 
999 |c 2093521  |d 2095451